书目信息 |
| 题名: |
土力学应试指导
|
|
| 作者: | 李相然 编著 | |
| 分册: | ||
| 出版信息: | 武汉 中国建材工业出版社 2001.06 |
|
| 页数: | 176页 | |
| 开本: | 26cm | |
| 丛书名: | ||
| 单 册: | ||
| 中图分类: | TU4 | |
| 科图分类: | ||
| 主题词: | 土力学 , 地基--基础(工程) | |
| 电子资源: | ||
| ISBN: | 7-80159-131-3 | |
| 000 | 00575nam0 2200205 45 | |
| 001 | 8033677474 | |
| 005 | 1980010809211712 | |
| 010 | @a7-80159-131-3@dRMB 20.00 | |
| 100 | @a19800108d2001 km y0chiy0120 ea | |
| 101 | 0 | @achi |
| 102 | @aCN@b420000 | |
| 200 | 1 | @a土力学应试指导@Atu li xue ying shi zhi dao@f李相然编著@FLi Xiang Ran Bian Zhu |
| 210 | @a武汉@c中国建材工业出版社@d2001.06 | |
| 215 | @a176页@d26cm | |
| 606 | 0 | @a土力学 |
| 606 | 0 | @a地基@x基础(工程) |
| 690 | @aTU4@v3 | |
| 701 | 0 | @a李相然@ALi Xiang Ran@4编著 |
| 801 | 0 | @aCN@bPFT@c19800108 |
| 905 | @dTU4@eL295 | |
| 土力学应试指导/李相然编著.-武汉:中国建材工业出版社,2001.06 |
| 176页;26cm |
| ISBN 7-80159-131-3:RMB 20.00 |
| ● |
| 相关链接 |
|
|
|
正题名:土力学应试指导
索取号:TU4/L295
 
预约/预借
| 序号 | 登录号 | 条形码 | 馆藏地/架位号 | 状态 | 备注 |
| 1 | 358853 | 203588536 | 土木与交通工程学院资料室/土木与交通学院资料室 1排1列1层/ [索取号:TU4/L295] | 在馆 | |
| 2 | 358854 | 203588545 | 建筑库101/101建筑库 92排3列3层/ [索取号:TU4/L295] | 在馆 | |
| 3 | 358855 | 203588554 | 建筑库101/101建筑库 92排3列3层/ [索取号:TU4/L295] | 在馆 | |
| 4 | 358856 | 203588563 | 建筑库101/101建筑库 92排3列3层/ [索取号:TU4/L295] | 在馆 | |
| 5 | 358857 | 203588572 | 建筑库101/101建筑库 92排3列3层/ [索取号:TU4/L295] | 在馆 |